Computers and the environment: Understanding and managing their impacts

Saved in:
Bibliographic Details
Main Author: Ruediger Kuehr
Format: Book
Language:Undetermined
Published: Dordrecht, The Netherlands Kluwer Academic Publishers 2003
Subjects:
Tags: Add Tag
No Tags, Be the first to tag this record!
Institutions: Trung tâm Học liệu Trường Đại học Cần Thơ
LEADER 00571nam a2200181Ia 4500
001 CTU_59117
008 210402s9999 xx 000 0 und d
082 |a 621.39 
082 |b C736 
100 |a Ruediger Kuehr 
245 0 |a Computers and the environment: Understanding and managing their impacts 
245 0 |c Edited by Ruediger Kuehr and Eric Williams 
260 |a Dordrecht, The Netherlands 
260 |b Kluwer Academic Publishers 
260 |c 2003 
650 |a computer engineering 
904 |i Minh 
980 |a Trung tâm Học liệu Trường Đại học Cần Thơ